Ekonometria

Gespeichert in:
Bibliographische Detailangaben
1. Verfasser: Hatrák, Michal
Format: Buch
Sprache:Slowakisch
Veröffentlicht: Bratislava IURA EDITION 2007
Schriftenreihe:Ekonómia
Schlagworte:
Tags: Tag hinzufügen
Keine Tags, Fügen Sie das erste Tag hinzu!

MARC

LEADER 00000nam$a2200000$$$4500
001 0067125
005 20240226122240.8
020 |a 978-80-8078-150-7 
041 0 |a slo 
044 |a SK 
245 1 0 |a Ekonometria  |c Michal Hatrák 
264 1 |a Bratislava  |b IURA EDITION  |c 2007 
300 |a 503 s. 
490 1 |a Ekonómia 
830 0 |a Ekonómia 
610 2 0 |a ekonometria 
610 2 0 |a modely ekonometrické 
610 2 0 |a modely lineárne 
610 2 0 |a odhad štatistický 
610 2 0 |a hypotézy 
610 2 0 |a metóda štvorcov najmenších 
610 2 0 |a korelácia 
610 2 0 |a prognózy 
610 2 0 |a štatistika 
610 2 0 |a modely regresné 
610 2 0 |a modely nelineárne 
610 2 0 |a modely stochastické 
610 2 0 |a rovnice simultánne 
100 1 |a Hatrák, Michal